Dietary fibre components and functions

Saved in:
Bibliographic Details
Other Authors: Salovaara, Hannu (ed.), Gates, Fred (ed.), Tenkanen, Maija (ed.)
Format: Book
Language:English
Published: Wageningen Wageningen Academic 2007
Subjects:
Online Access:View in OPAC
Tags: Add Tag
No Tags, Be the first to tag this record!

MARC

LEADER 00000nam a2200000 a 4500
005 20260127134218.0
008 120207 2007 000 0 eng d
020 |a 9789086860197 
035 |a vtls010340143 
039 9 |y 201202070915  |z mschk03 
040 |a STUSCHK1  |b slo  |c STUSCHK1  |e AACR2 
245 1 |a Dietary fibre components and functions  |c edited by: hannu Salovaara, Fred Gates, Maija Tenkanen 
260 |a Wageningen  |b Wageningen Academic  |c 2007 
300 |a 345 s.  |b il.  |c 24,5 cm 
650 0 |a dietary fibre 
700 1 |a Salovaara, Hannu  |4 ed. 
700 1 |a Gates, Fred  |4 ed. 
700 1 |a Tenkanen, Maija  |4 ed. 
910 |a SCHK95 
919 |a 978-90-8686-019-7 
999 |c 6817  |d 6817